Métodos de análisis crítico del discurso

Guardat en:
Dades bibliogràfiques
Autors principals: Wodak, Ruth (Autor), Meyer, Michael (Autor)
Format: Llibre
Idioma:espanyol
Publicat: Barcelona Gedisa 2003
Edició:1a. ed
Col·lecció:Cladema. Análisis del Discurso y Lingüística
Matèries:
Etiquetes: Afegir etiqueta
Sense etiquetes, Sigues el primer a etiquetar aquest registre!

MARC

LEADER 00000cam a2200000 a 4500
001 UCL0672
003 CL-VaPUC
008 030808e20030000SP |||||||||||||||||spa|d
020 |a 8474329701 
082 0 4 |a 401.41  |b WOD  |2 21 
100 0 |a Wodak, Ruth  |e author  |9 477423 
700 |a Meyer, Michael  |e author  |9 477424 
245 1 0 |a Métodos de análisis crítico del discurso 
250 |a 1a. ed 
300 |a 286 p 
942 |c BK 
945 |d 20030808 00:00:00  |a cmena 
260 |a Barcelona  |b Gedisa  |c 2003 
650 0 |a Análisis del discurso  |9 256696 
650 0 |a Análisis de textos   |9 440179 
650 0 |a Investigación lingüística  |9 329785 
583 |a last modification  |c 20120814 03:56:09  |k Rodrigo Vera 
490 0 |a Cladema. Análisis del Discurso y Lingüística 
999 |c 304488  |d 304486 
952 |0 0  |1 0  |4 0  |6 401_410000000000000_WOD_2003  |7 0  |8 A  |9 366793  |a BIBEDU  |b BIBEDU  |d 2019-11-21  |i 3930912  |l 1  |o 401.41 WOD 2003  |p 3930912  |q 2025-05-26  |r 2025-04-25  |s 2025-04-25  |w 2019-11-21  |y BK  |k LIT 
952 |0 0  |1 0  |4 0  |6 401_410000000000000_WOD_2003  |7 0  |8 A  |9 366794  |a FDOPOS  |b FDOPOS  |d 2019-11-21  |i 3951146  |o 401.41 WOD 2003  |p 3951146  |r 2025-01-22  |w 2019-11-21  |y BK  |k MLA 
952 |0 0  |1 0  |4 0  |6 401_410000000000000_WOD_2003  |7 0  |8 A  |9 366795  |a BIBEDU  |b BIBEDU  |d 2019-11-21  |i 3959643  |l 6  |m 1  |o 401.41 WOD 2003  |p 3959643  |q 2025-05-26  |r 2025-04-25  |s 2025-04-25  |w 2019-11-21  |y BK  |k PSI 
952 |0 0  |1 0  |4 0  |6 401_410000000000000_WOD_2003  |7 0  |8 A  |9 366796  |a FDOPOS  |b FDOPOS  |d 2019-11-21  |i 4089235  |o 401.41 WOD 2003  |p 4089235  |r 2019-11-21  |w 2019-11-21  |y BK  |k MLA 
952 |0 0  |1 0  |4 0  |6 401_410000000000000_WOD_2003  |7 0  |8 A  |9 366797  |a BIBCUR  |b BIBCUR  |d 2019-11-21  |i 4129164  |o 401.41 WOD 2003  |p 4129164  |r 2025-04-22  |w 2019-11-21  |y BK  |k PER 
952 |0 0  |1 0  |4 0  |6 401_410000000000000_WOD_2003  |7 0  |8 A  |9 366799  |a BIBGIM  |b BIBGIM  |d 2019-11-21  |i 4894634  |l 2  |m 2  |o 401.41 WOD 2003  |p 4894634  |r 2025-01-15  |s 2023-05-09  |w 2019-11-21  |y BK  |k SSL 
952 |0 0  |1 0  |4 0  |6 401_410000000000000_WOD_2003  |7 0  |8 A  |9 366800  |a BIBCUR  |b BIBCUR  |d 2019-11-21  |i 4966902  |o 401.41 WOD 2003  |p 4966902  |r 2025-04-22  |w 2019-11-21  |y BK  |k MGC 
952 |0 0  |1 0  |3 erb  |4 0  |6 401_410000000000000_WOD_2003  |7 0  |8 A  |9 366801  |a BIBGIM  |b BIBGIM  |i 5133939  |l 2  |o 401.41 WOD 2003  |p 5133939  |r 2025-01-15  |s 2024-07-01  |w 2019-11-21  |y BK  |z Catalogado en:20150109  |k SSL